Taylor Swift - Significations des couleurs - Statistiques

Statistiques générales
  • Ce quiz a été pris 871 fois
    742 depuis la dernière actualisation
  • Le résultat moyen est 10 sur 22
Statistiques - réponses
Indice Indice Réponse % Correct
Album Rouge Red
98%
Album Bleu ciel 1989
91%
Album Jaune Fearless
91%
Album Noir Reputation
90%
Album Violet Speak Now
90%
Album Marron evermore
89%
Album Gris folklore
89%
Album Rose Lover
89%
Album Bleu Taylor Swift
89%
Album Bleu foncé Midnights
87%
Album Blanc The Tortured Poets Department
78%
Album Orange Karma
41%
Couleur Bleu Tristesse / Mélancolie / Couleur préféré de Joe Alwyn / Couleur du parti démocrate
7%
Couleur Rouge Amour passionnel / Passion
4%
Couleur Ambre Nostalgie / Confort
2%
Couleur Gris Solitude / Mélancolie / Complexité de l'amour / Coeur brisé / Émotions profondes
2%
Couleur Dorée Amour sein / Sa muse
1%
Couleur Rose Amour simple / Compassion
1%
Couleur Blanc Espoir / Murir
1%
Couleur Marron Vulnérabilité / Désir ou envie
1%
Couleur Noir Introspection / Résilience / Mystère / Émotions complexes / Sentiments cachés
0%
Couleur Violet Relation complexe / Transcendance de l'amour
0%
Aucun quiz correspondant
Distribution des résultats
% des personnes avec chaque résultat
Percentile par nombre de réponses
Votre historique - résultats
Vous n’avez pas pris ce quiz depuis la dernière actualisation